00322 a2200133 4500001000700000020002200007040001100029100002500040240004700065245004200112300000700154362000900161440001800170191921 a978-85-06-07790-0 cMagnum aSousa, Maurício de10aA guerra de troia em versos de cordellpor10aA guerra de troia em versos de cordel a630 a2015 1aMelhoramentos